| 000 | 00609nam a2200205 u 4500 | ||
|---|---|---|---|
| 005 | 20240910063922.0 | ||
| 008 | 080520s2001 r 000 0 eng d | ||
| 020 | _a8426132073 | ||
| 035 | _aUPN01000156048 | ||
| 049 | _aI | ||
| 050 | 4 |
_aPZ76.3 _bG4.5 |
|
| 100 | 1 | _aGeisler, Dagmar | |
| 245 | 1 | 0 |
_aMax no tiene sueño / _cDagmar Geisler. |
| 260 |
_aBarcelona, Esp. : _bJuventud, _c2001. |
||
| 300 |
_a[30] p. : _bprincipalmente il. col. |
||
| 650 | 4 |
_aOsos _vCuentos y leyendas _910810 |
|
| 650 | 4 |
_aLibros y lectura para niños _92290 |
|
| 650 | 4 |
_aCuentos infantiles alemanes _98589 |
|
| 905 | _aInfantil | ||
| 999 |
_c128162 _d128162 |
||